| 000 | 00667nam a2200253 a 4500 | ||
|---|---|---|---|
| 003 | AR-BaBNM | ||
| 005 | 20251128210151.0 | ||
| 008 | 082120s2002 ||||||||||||||000 | spa|| | ||
| 040 | _cAR-BaBNM | ||
| 100 | 1 | _aSavant, Jean | |
| 245 | 0 | 0 | _aNapoleón revelado por los testigos de su vida |
| 260 |
_aBuenos Aires _bCompañía General Fabril _c1960 |
||
| 300 | _a463 p. | ||
| 490 | 0 | _aTestimonios | |
| 650 | 4 | _aBIOGRAFIAS | |
| 650 | 4 | _aHISTORIA EUROPEA | |
| 650 | 4 | _aHISTORIA MODERNA | |
| 650 | 4 | _aHISTORIA POLITICA | |
| 650 | 4 | _aHISTORIA MILITAR | |
| 655 | _aBIOGRAFIAS | ||
| 700 | 1 |
_aWalsh, María Elena _eprologuista |
|
| 942 | _cBK | ||
| 998 | _cMariana | ||
| 999 |
_c14346 _d14346 |
||